Statistics for TV Shows & Movies by Setting Quiz.

Click here to take the quiz!

General Stats

  • This quiz has been taken 197 times
  • The average score is 7 of 10

Answer Stats

SettingTV show/ Movie% Correct
Hogwarts SchoolHarry Potter
97%
Arkham, GothamBatman
92%
SpringfieldThe Simpsons
89%
Never [Never] landPeter Pan
87%
Bikini BottomSpongebob Squarepants
87%
District 12 & The Capitol, PanemThe Hunger Games
73%
Middle EarthThe Lord of the Rings
65%
Quahog, Rhode IslandFamily Guy
60%
Langley Falls, VirginiaAmerican Dad!
19%
The land of OooAdventure Time
11%

Score Distribution

Percentile by Number Answered

Percent of People with Each Score

Your Score History

You have not taken this quiz